000 00592nam a2200217Ia 4500
005 20260429111914.0
008 260429s9999||||xx |||||||||||||| ||und||
020 _a9789349036161
041 _aEnglish
082 _a658.4
_bVIN
100 _aVinayagamoorthi, G.
245 0 _aLeadership and team development /
_cG. Vinayagamoorthi
260 _aChennai :
_bNational Academic Press,
_c2025.
300 _aiii, 179 p.; hb
650 _a Leadership
650 _a Team management
650 _aExecutive management
700 _a Manida, M.
700 _a Sundararajan
942 _cTB
999 _c51365
_d51365